000 00423nam a2200157Ia 4500
008 210719s1967 xx 000 0 und d
041 _aeng
082 _a540 GEOH
100 _aGEORGE (M V) & others
245 _aHandbook of chemistry & physics.
260 _aN D
_bAffiliated East-West Prees Pvt. Ltd.
_c1967
300 _ax,364
_bPB
365 _b8
_cRs
650 _aChemistry
906 _aHandbook Chemistry Physics
999 _c212549
_d212549